| 000 | 00331nam a2200109Ia 4500 | ||
|---|---|---|---|
| 008 | 200302s9999 xx 000 0 und d | ||
| 100 | _aAuthor | ||
| 245 | _aTolbooths and town-houses civic architecture in scotland to 1833 | ||
| 260 | _bRoyal Commission on the Ancient and Historical of Scotland | ||
| 260 | _c1996 | ||
| 300 | _a241 P., | ||
| 999 |
_c4200 _d4200 |
||